00511nam a22001697a 4500003000400000005001700004008004100021050002400062082002400086245011100110260003400221300003700255521002100292526001600313541000600329562000600335OSt20140310182844.0130610t xxu||||| |||| 00| 0 eng d aPE 1408b.W371 2009 aM 808.02 bW38 2009 aRules of thumb :bhow to stay productive and inspired even in the most turbulent times / cWebber, Alan M. aNew York : bHarper,c2009.  axvi, 270 p. : bill. ; c20 cm.  acollege students c1210L-1700L j1 e1